The Cambridge encyclopedia of India, Pakistan, Bangladesh, Sri Lanka, Nepal, Bhutan and the Maldives
Αποθηκεύτηκε σε:
| Άλλοι συγγραφείς: | |
|---|---|
| Μορφή: | Βιβλίο |
| Γλώσσα: | English |
| Δημοσίευση: |
Cambridge :
Cambridge University Press,
1989
|
| Θέματα: | |
| Ετικέτες: |
Προσθήκη ετικέτας
Δεν υπάρχουν, Καταχωρήστε ετικέτα πρώτοι!
|
MARC
| LEADER | 00000nam a2200000 i 4500 | ||
|---|---|---|---|
| 001 | 1/96372 | ||
| 008 | 950126s1989 eng d | ||
| 020 | |a 0-521-33451-9 | ||
| 035 | |l 10010157 | ||
| 040 | |a GR-MY-UA |b |e aacr | ||
| 041 | 0 | |a eng | |
| 082 | 0 | |a 954.003 | |
| 245 | 1 | 4 | |a The Cambridge encyclopedia of India, Pakistan, Bangladesh, Sri Lanka, Nepal, Bhutan and the Maldives / |c Edited by Francis Robinson |
| 260 | |a Cambridge : |b Cambridge University Press, |c 1989 | ||
| 300 | |a 520 p. |b ill.; tables | ||
| 504 | |a Includes index. | ||
| 651 | 0 | |a South Asia |x Encyclopedias. | |
| 700 | 1 | |a Robinson, Francis, ed. | |
| 852 | |a INST |b LESVOS |e 19950126 |h 954.003 CAM |p 005100003157 |q 005100003157 |t REF |y 12 | ||
| 852 | |a INST |b LESVOS |e 19980604 |h 954.003 CAM |p 005100014516 |q 005100014516 |t REF |y 23 | ||
| 901 | |a BIBL-1998-2 | ||
| 909 | |a Λ |b 037211 | ||
| 909 | |a Λ |b 057420 | ||
| 922 | |a 1ΕΛΗ |b 199805 |c ΚΠΣ/ΒΙΒΛΙΟΘΗΚΗ ΚΕΝΤΡ. ΥΠΗΡ. |d ΚΩΣΤΑΡΑΚΗΣ | ||
| 950 | |a 169-1994-09-06 | ||
| 950 | |a 023-1998-03-05 | ||